Zoznam colných sadzieb medzi krajinami CEFTA na obdobie od 1.1.1996 do 31.12.1997 s diferencovaným clom. 2

Podpísanie štyroch listín krajín CEFTA v oblasti agropotravinárskych komodít r. 1995. Tovary s rozdielnymi colnými sadzbami pre štáty CEFTA. Tovary s jednotnou sadzbou pre signatárske krajiny CEFTA.

Saved in:
Bibliographic Details
Format: Book Chapter
Language:Slovak
Subjects:
Tags: Add Tag
No Tags, Be the first to tag this record!

MARC

LEADER 00000naa a2200000 4500
001 r019966
005 20230801103517.3
041 0 |a slo 
044 |a SK 
245 1 0 |a Zoznam colných sadzieb medzi krajinami CEFTA na obdobie od 1.1.1996 do 31.12.1997 s diferencovaným clom. 2 
520 |a Podpísanie štyroch listín krajín CEFTA v oblasti agropotravinárskych komodít r. 1995. Tovary s rozdielnymi colnými sadzbami pre štáty CEFTA. Tovary s jednotnou sadzbou pre signatárske krajiny CEFTA. 
610 2 0 |a CEFTA 
610 2 0 |a 1995-1997 
610 2 0 |a sadzby colné 
610 2 0 |a clá diferencované 
610 2 0 |a výrobky poľnohospodárske 
610 2 0 |a komodity